The online student : making the grade on the Internet /

Bibliographic Details
Main Author: Reddick, Randy
Other Authors: King, Elliot, 1953-
Format: Book
Language:English
Published: Fort Worth : Harcourt Brace College Publishers, [1996]
Subjects:

MARC

Tag First Indicator Second Indicator Subfields
LEADER 00000cam a2200000 a 4500
001 in00001406862
005 20160609113623.0
008 951228s1996 txua 001 0 eng d
010 |a  95081842  
020 |a 0155031899 
035 |a (OCoLC)34263806 
035 |9 AHQ3825AM 
040 |a IChamL  |c DLC  |d TXA  |d UtOrBLW 
042 |a lccopycat 
043 |a n-us--- 
049 |a TXAM 
050 0 0 |a ZA4201  |b .R43 1996 
050 0 0 |a LB2395.7  |b .R43 1996 
082 0 0 |a 004.6/7  |2 20 
100 1 |a Reddick, Randy. 
245 1 4 |a The online student :  |b making the grade on the Internet /  |c Randy Reddick, Elliot King. 
264 1 |a Fort Worth :  |b Harcourt Brace College Publishers,  |c [1996] 
264 4 |c ©1996 
300 |a xiii, 317 pages :  |b illustrations ;  |c 24 cm. 
336 |a text  |b txt  |2 rdacontent 
337 |a unmediated  |b n  |2 rdamedia 
338 |a volume  |b nc  |2 rdacarrier 
500 |a Includes index. 
650 0 |a Internet. 
650 0 |a Computer network resources  |z United States. 
700 1 |a King, Elliot,  |d 1953- 
948 |a c:ce 
999 |a MARS 
999 f f |s 9379419b-9192-3fa0-af48-b8790e7f1f08  |i 916670a7-d7ea-32a4-bd4a-85428cb574f9  |t 0 
952 f f |p ric  |a Texas A&M University  |b Rellis Campus  |c Joint Library Facility  |d Remote Storage  |t 0  |e ZA4201 .R43 1996  |h Library of Congress classification  |i unmediated -- volume  |m A14842630049 
998 f f |a ZA4201 .R43 1996  |t 0  |l Remote Storage